000 00620nam a22001817a 4500
082 _a624.18341
_bENG
_cL-40, P-51
100 _aE-in-C Branch
_943194
245 _aInformation sheets structural design details
_cE-in-C Branch
260 _aE-in-C Branch GHQ Rawalpindi Pakistan
_bE-in-C Branch
_c2001
300 _aiii, 67.p:
_bvolume-II
526 _a0
_b0
_c0
_d624_183410000000000_ENG
526 _a0
_b0
_c0
_d624_183410000000000_ENG
526 _a0
_b0
_c0
_d624_183410000000000_ENG
526 _a0
_b0
_c0
_d624_183410000000000_ENG
526 _a0
_b0
_c0
_d624_183410000000000_ENG
650 _aMCE
_9379
942 _2ddc
_cBK
999 _c546997
_d546997